000 00559nam a2200181Ia 4500
999 _c23250
_d23250
003 OSt
005 20200515130738.0
008 190216s9999||||xx |||||||||||||| ||und||
020 _a9781851683611
040 _coclc
082 _a909.097670092
_bROB/A
100 _aRobinson, Chase F
_92373
245 0 _aAbd Al-Malik /
_cChase F Robinson
260 _bOneworld Oxford,
_c2006.
_aEngland:
300 _a139p
650 0 _aHistory & geography
_92271
_vIslamic History
942 _cBK
_2ddc
_h909.097670092
_iROB/A
_k909.097670092
_mROB/A